000 01528nam a2200373 a 4500
001 ebr10722445
003 CaPaEBR
006 m o u
007 cr cn|||||||||
008 840711s1984 dcua sb 001 0 eng d
010 _z 84061495
020 _z0883850249
020 _z9780883850244
020 _z9781614440222 (e-book)
040 _aCaPaEBR
_cCaPaEBR
035 _a(OCoLC)564446654
050 1 4 _aQA274.73.D69
_bR35 1984eb
082 0 4 _a519.2/82
_219
100 1 _aDoyle, Peter G.
245 1 0 _aRandom walks and electric networks
_h[electronic resource] /
_cby Peter G. Doyle, J. Laurie Snell.
260 _aWashington, D.C. :
_bMathematical Association of America,
_cc1984.
300 _axiii, 159 p. :
_bill.
440 0 _aCarus mathematical monographs ;
_vno. 22
500 _aSecond printing, 1988.
504 _aIncludes bibliographical references (p. 151-153) and index.
505 0 _apt. I. Random walks on finite networks -- pt. II. Random walks on infinite networks.
533 _aElectronic reproduction.
_bPalo Alto, Calif. :
_cebrary,
_d2013.
_nAvailable via World Wide Web.
_nAccess may be limited to ebrary affiliated libraries.
650 0 _aRandom walks (Mathematics)
650 0 _aElectric network topology.
655 7 _aElectronic books.
_2local
700 1 _aSnell, J. Laurie
_q(James Laurie),
_d1925-2011.
710 2 _aebrary, Inc.
856 4 0 _uhttp://site.ebrary.com/lib/rucke/Doc?id=10722445
_zAn electronic book accessible through the World Wide Web; click to view
999 _c153578
_d153578